📖 150 premiers mots "Attentat" Amélie Nothomb - Statistiques

Statistiques générales
  • Ce quiz a Ă©tĂ© pris 24 fois
  • Le rĂ©sultat moyen est 80 sur 150
Statistiques - réponses
Mots % Correct
A
100%
a
100%
Ă 
100%
m'
100%
c'
95%
C'
95%
d'
95%
Victor
95%
j'
89%
l'
89%
La
89%
la
89%
le
89%
me
89%
ce
84%
de
84%
en
84%
est
84%
Et
84%
n'
84%
je
79%
Je
79%
je ...
79%
qu'
79%
"Quasimodo!"
79%
"Quasimodo !
79%
Quasimodo !"
79%
Quasimodo
79%
ai
74%
dans
74%
Hugo.
74%
pour
74%
suis
74%
des
68%
les
68%
On
68%
que
68%
était
63%
il
63%
Mais
63%
mon
63%
Mon
63%
ne
63%
plus
63%
si
63%
un
63%
cria,
58%
pas
58%
avait
53%
bien
53%
ĂŞtre
53%
quand
53%
donc
47%
jamais
47%
moi.
47%
eux
42%
fois
42%
première
42%
sais
42%
avoir
37%
laid
37%
miroir,
37%
nom
37%
chose
32%
vis
32%
aie
26%
cour :
26%
croyais
26%
devais
26%
enfants
26%
entre
26%
quelque
26%
reflet,
26%
ans
21%
appela
21%
aucun
21%
entendu
21%
parler
21%
présent,
21%
rencontré :
21%
très
21%
choeur :
16%
drĂ´le.
16%
Personne
16%
Pourtant,
16%
regarde
16%
reprirent
16%
six
16%
beauté,
11%
droit.
11%
joie,
11%
ris :
11%
surnom
11%
tant
11%
trouvé
11%
autorisé
5%
autrement.
5%
comprendre.
5%
considère
5%
devrait
5%
entendre
5%
exception
5%
horreurs.
5%
privilège
5%
tel
5%
vite.
5%
arriva
0%
Fous
0%
gosse
0%
hideur
0%
suffisait
0%
Aucun quiz correspondant
Distribution des résultats
% des personnes avec chaque résultat
Percentile par nombre de réponses
Votre historique - résultats
Vous n’avez pas pris ce quiz